000 00402nam a2200133Ia 4500
008 151001s9999||||xx |||||||||||||| ||und||
100 _aकेदार नाथ व्यास
245 _aविज्ञान के विविध अनुसंधान
250 _a1
260 _bअनुराधा प्रकाशन
260 _c2006
300 _a88
365 _b21
999 _c987321
_d987318